| 000 | 00343nam a2200133 a 4500 | ||
|---|---|---|---|
| 001 | 4153 | ||
| 003 | CDMR | ||
| 005 | 20130301113354.0 | ||
| 008 | 130130s1999||||||||||||||||||||||||||||d | ||
| 040 |
_aCDMR _bcat _cCDMR |
||
| 245 | 0 | 0 |
_aBiennal de fotografia 1999 _b: Memorial Xavier Miserachs |
| 260 |
_aBarcelona _c1999 _bEdicions 62 |
||
| 942 |
_cMON _2ddc |
||
| 999 |
_c4153 _d4153 |
||